Statistics for Rugby Tile Quiz (Teams)

Click here to take the quiz!

General Stats

  • This quiz has been taken 9 times
  • The average score is 63 of 80

Answer Stats

QuestionTileSelect% Correct
Six Nations teamsAustraliaNo
100%
Six Nations teamsBelgiumNo
100%
Six Nations teamsCanadaNo
100%
Rugby World Cup 2019 teamsCook IslandsNo
100%
Gallagher Premiership teams 2019/20Ealing TrailfindersNo
100%
Six Nations teamsEnglandYes
100%
Rugby World Cup 2019 teamsFijiYes
100%
Six Nations teamsFranceYes
100%
Six Nations teamsGeorgiaNo
100%
Six Nations teamsIrelandYes
100%
Rugby World Cup 2019 teamsJapanYes
100%
Six Nations teamsNew ZealandNo
100%
Six Nations teamsPortugalNo
100%
Six Nations teamsRomaniaNo
100%
2019 U20s Rugby Championship teamsSamoaNo
100%
Rugby World Cup 2019 teamsSamoaYes
100%
Six Nations teamsScotlandYes
100%
Six Nations teamsSouth AfricaNo
100%
Six Nations teamsSpainNo
100%
2019 U20s Rugby Championship teamsTongaNo
100%
Gallagher Premiership teams 2019/20Yorkshire CarnegieNo
100%
Rugby World Cup 2019 teamsZimbabweNo
100%
2019 U20s Rugby Championship teamsAustraliaYes
88%
Rugby World Cup 2019 teamsBrazilNo
88%
2019 U20s Rugby Championship teamsCanadaNo
88%
Gallagher Premiership teams 2019/20Cornish PiratesNo
88%
2019 U20s Rugby Championship teamsEnglandYes
88%
2019 U20s Rugby Championship teamsFranceYes
88%
Rugby World Cup 2019 teamsGeorgiaYes
88%
Six Nations teamsItalyYes
88%
Rugby World Cup 2019 teamsNamibiaYes
88%
2019 U20s Rugby Championship teamsNew ZealandYes
88%
Gallagher Premiership teams 2019/20OspreysNo
88%
2019 U20s Rugby Championship teamsSouth AfricaYes
88%
Rugby World Cup 2019 teamsSpainNo
88%
Rugby World Cup 2019 teamsTongaYes
88%
Rugby World Cup 2019 teamsUSAYes
88%
Six Nations teamsUSANo
88%
Six Nations teamsWalesYes
88%
2019 U20s Rugby Championship teamsArgentinaYes
75%
Rugby World Cup 2019 teamsCanadaYes
75%
Gallagher Premiership teams 2019/20Gloucester RugbyYes
75%
2019 U20s Rugby Championship teamsIrelandYes
75%
2019 U20s Rugby Championship teamsItalyYes
75%
Gallagher Premiership teams 2019/20Leicester TigersYes
75%
Top 14 teams 2019/20LyonYes
75%
Top 14 teams 2019/20MontpellierYes
75%
Rugby World Cup 2019 teamsPortugalNo
75%
Gallagher Premiership teams 2019/20Sale SharksYes
75%
Gallagher Premiership teams 2019/20ScarletsNo
75%
2019 U20s Rugby Championship teamsScotlandYes
75%
Top 14 teams 2019/20Stade FrançaisYes
75%
Top 14 teams 2019/20ToulouseYes
75%
Rugby World Cup 2019 teamsUruguayYes
75%
2019 U20s Rugby Championship teamsWalesYes
75%
Gallagher Premiership teams 2019/20Bath RugbyYes
63%
Top 14 teams 2019/20BayonneYes
63%
Top 14 teams 2019/20Bordeaux BeglesYes
63%
Gallagher Premiership teams 2019/20Bristol BearsYes
63%
Top 14 teams 2019/20BriveYes
63%
Top 14 teams 2019/20CastresYes
63%
Gallagher Premiership teams 2019/20Exeter ChiefsYes
63%
Top 14 teams 2019/20GrenobleNo
63%
Gallagher Premiership teams 2019/20HarlequinsYes
63%
2019 U20s Rugby Championship teamsJapanNo
63%
Top 14 teams 2019/20La RochelleYes
63%
Gallagher Premiership teams 2019/20London IrishYes
63%
Top 14 teams 2019/20OyonnaxNo
63%
Top 14 teams 2019/20PauYes
63%
Top 14 teams 2019/20PerpignanNo
63%
Rugby World Cup 2019 teamsRomaniaNo
63%
Gallagher Premiership teams 2019/20SaracensYes
63%
Top 14 teams 2019/20ToulonYes
63%
Gallagher Premiership teams 2019/20Worcester WarriorsYes
63%
Top 14 teams 2019/20BiarritzNo
50%
2019 U20s Rugby Championship teamsFijiYes
50%
Gallagher Premiership teams 2019/20Newcastle FalconsNo
50%
Rugby World Cup 2019 teamsRussiaYes
50%
Top 14 teams 2019/20AgenYes
38%
2019 U20s Rugby Championship teamsGeorgiaYes
25%

Score Distribution

Percentile by Number Answered

Percent of People with Each Score

Your Score History

You have not taken this quiz